| 000 | 00404nam a2200157Ia 4500 | ||
|---|---|---|---|
| 008 | 221229s9999 xx 000 0 und d | ||
| 020 | _a9789389354447 | ||
| 082 | _a628.53 YER | ||
| 100 |
_aYerramilli, Anjaneyulu _914261 |
||
| 245 | 0 | _aAir Pollution | |
| 250 | _a2nd | ||
| 260 |
_aHyderabad _bBS Publications _c2020 |
||
| 300 |
_aXXVIII, 798p. _bRs. 995.00 |
||
| 650 | _aAir Pollution | ||
| 942 | _cCPL | ||
| 999 |
_c194179 _d194179 |
||